| 000 | 00562nam a2200169 a 4500 | ||
|---|---|---|---|
| 005 | 20210223123537.0 | ||
| 008 | 991125s1955 mx 000 0 spa u | ||
| 035 | _aUPN01000055679 | ||
| 049 | _aSEP | ||
| 050 | 4 |
_aLB1625 _bM5.7 |
|
| 100 | 1 |
_aMiranda Basurto, Angel _929331 |
|
| 245 | 1 | 0 |
_aTécnica general de la segunda enseñanza (ensayo pedagógico) / _cpor Angel Miranda Basurto. |
| 260 |
_aMéxico : _bSEP, Dirección General de Segunda Enseñanza, _c1955. |
||
| 300 | _a54 p. | ||
| 650 | 4 |
_aEDUCACION SECUNDARIA - _xFINES Y OBJETIVOS _919339 |
|
| 905 | _aLibro | ||
| 999 |
_c55679 _d55679 |
||